000 00868nam a2200181Ia 4500
008 090630s9999 xx 000 0 und d
082 _b13949
100 _aडॉ. मराठे रमा रविकिरण.
245 _aअसे घडवा मुलांचे व्यक्तीमत्व.
_cडॉ. मराठे रमा रविकिरण.
260 _bइंप्रेशन्स पब्लिशिंग - बेळगाव.
_c1995
300 _a117
600 _aडॉ. मराठे रमा रविकिरण.
630 _aअसे घडवा मुलांचे व्यक्तीमत्व.
655 _aइतर.
700 _aडॉ. मराठे रमा रविकिरण.
730 _aअसे घडवा मुलांचे व्यक्तीमत्व.
942 _cBOOK
999 _c265805
_d265805